Sodot ha-yaʻar : (Record no. 33511)

MARC details
000 -LEADER
fixed length control field 00545cam a22002051 4500
001 - CONTROL NUMBER
control field he 68002132
003 - CONTROL NUMBER IDENTIFIER
control field DLC
005 - DATE AND TIME OF LATEST TRANSACTION
control field 20260227111501.0
008 - FIXED-LENGTH DATA ELEMENTS--GENERAL INFORMATION
fixed length control field 830728s1967 is j 000 0 heb
010 ## - LIBRARY OF CONGRESS CONTROL NUMBER
LC control number he 68002132
035 ## - SYSTEM CONTROL NUMBER
System control number (OCoLC)19149215
040 ## - CATALOGING SOURCE
Original cataloging agency DLC
Transcribing agency MH
Modifying agency DLC
042 ## - AUTHENTICATION CODE
Authentication code premarc
050 00 - LIBRARY OF CONGRESS CALL NUMBER
Classification number PZ90.H3
Item number C573
245 00 - TITLE STATEMENT
Title Sodot ha-yaʻar :
Remainder of title agadot ʻamim /
Statement of responsibility, etc. ʻIvrit Adir Kohen.
260 ## - PUBLICATION, DISTRIBUTION, ETC.
Place of publication, distribution, etc. Tel Aviv :
Name of publisher, distributor, etc. Yavneh
Date of publication, distribution, etc. [1967]
300 ## - PHYSICAL DESCRIPTION
Extent 157 p. :
Other physical details ill. ;
Dimensions 25 cm.
700 1# - ADDED ENTRY--PERSONAL NAME
Personal name Cohen, Adir.
Relator term tr.
752 ## - ADDED ENTRY--HIERARCHICAL PLACE NAME
Country or larger entity Israel
City Tel Aviv

No items available.

Powered by Koha